00682nam a2200181 i 450000100060000000300090000600500170001500700030003200800410003510000450007624501060012126000340022730000320026170000360029385200320032999900170036195201220037874470ES-MaACL20230906172138.0t|040920s1969 sp ||||1| spa d1 aGonzález Mena, María Angeles.95880310aManualizaciones y enseñanzas del hogar / cMaría Angeles González Mena, M. Pilar Ramos Muñoz. aMadrid : bEurolibro, c1969. a294 p., 1 lám. ; c22 cm.1 aRamos Muñoz, M. Pilar.995342 aES-MaACLjC-42325 bR.71845 c74470d74470 00104070aATENEOMbATENEOMcDEPO2d2008-01-17eSCl0oC-42325p1077955r2023-02-23 00:00:00w2023-02-23yMONOGRAFIA